Missing Word: Musical Matinee II Quiz Stats

 Plays Quiz Updated Feb 20, 2015

Challenge
Share
Tweet
Embed
Score 0/18 Timer 02:00
2 Plays Today
Tony-Winning Musical Missing Word % Correct
The Sound of ___Music
97.3%
My ___ LadyFair
96.9%
Sweeney ___Todd
94.1%
___ and DollsGuys
92.7%
___ on the RoofFiddler
91.9%
A Funny Thing ___ on the Way to the ForumHappened
84.8%
Jersey ___Boys
79.3%
Kiss Me, ___Kate
77.2%
Man of La ___Mancha
73.3%
Tony-Winning Musical Missing Word % Correct
Thoroughly ___ MillieModern
68.7%
Kiss of the ___ WomanSpider
61.9%
___ QAvenue
59.2%
La ___ aux FollesCage
56.6%
The Pajama ___Game
56.2%
City of ___Angels
55.4%
Billy ___ the MusicalElliot
55.1%
A Little ___ MusicNight
50.9%
___ for YouCrazy
20.4%

Today's Daily Dose

You're not logged in!

Compare scores with friends on all Sporcle quizzes.
OR
Log In

You Might Also Like...

Show Comments

Extras

Top Quizzes Today


Score Distribution

Your Account Isn't Verified!

In order to create a playlist on Sporcle, you need to verify the email address you used during registration. Go to your Sporcle Settings to finish the process.

Report this User

Report this user for behavior that violates our Community Guidelines.

Details: